KRITHAN (Record no. 20256)

MARC details
000 -LEADER
fixed length control field 00241nam a22001217a 4500
003 - CONTROL NUMBER IDENTIFIER
control field SGT
082 ## - DEWEY DECIMAL CLASSIFICATION NUMBER
Item number NIS
100 ## - MAIN ENTRY--PERSONAL NAME
Personal name NISHANK, RAMESH POKHRIYAL
245 ## - TITLE STATEMENT
Title KRITHAN
260 ## - PUBLICATION, DISTRIBUTION, ETC. (IMPRINT)
Place of publication, distribution, etc DELHI
Name of publisher, distributor, etc PARBHAL
Year of Publication 2015
300 ## - PAGE DESCRIPTION
No. of Pages 140
942 ## - ADDED ENTRY ELEMENTS (KOHA)
Source of classification or shelving scheme Dewey Decimal Classification
Koha item type Books
Holdings
Withdrawn status Lost status Source of classification or shelving scheme Damaged status Not for loan Collection code Home library Current library Date acquired SGTU Total Checkouts Full call number Accession No. (Barcode) Date last seen Bill Date Koha item type
    Dewey Decimal Classification     MASS COMMUNICATION SGT Science & Social Sciences Library SGT Science & Social Sciences Library 11/07/2020 SGTU   NIS MC677 11/07/2020 11/07/2020 Books